000 00428 a2200169 4500
001 115276
020 _a9789881512611
041 _apor
090 _aP Year 7 [E]
250 _a. ed.
697 _aLiterature infantojuvenil.
700 _aGrimm ; Zwerger.
040 _aBR-BrIDEA
_cBR-BrIDEA
245 1 0 _aThe Bremen Town musicians
_cGrimm ; Zwerger
260 _a[S.l.]
_bMichael Neugebauer Publishing
_c2011
942 _cBK
999 _c115276
_d115276